000
00332nam a2200145Ia 4500
008
150201s2007 xx 000 0 und d
082
_a
C2008D
_b
617.6
100
_a
YADAV,N.S.
245
_a
MCQS IN DENTISTRY
250
_a
2ND
260
_b
AITBS
_a
DELHI
_c
2007
300
_a
1-422
650
_a
GENERAL DENTISTRY
942
_2
ddc
_c
BK
999
_c
3792
_d
3792